Movies Quiz

Random Movies or Role Quiz

Michael Keaton Movies Quiz Stats

 Plays Quiz Updated Apr 23, 2021

Support Sporcle.
Go Orange.
Score 0/51 Timer 07:00
1 Play Today
Year Movie % Correct
1989Batman
95.8%
1992Batman Returns
75.5%
1988Beetlejuice
69.1%
2014Birdman
67.4%
1983Mr. Mom
48.7%
2017Spider-Man: Homecoming
46.3%
1996Multiplicity
38.6%
2016The Founder
36.6%
1998Jack Frost
35.5%
2015Spotlight
33.7%
2006Cars
30.8%
2010Toy Story 3
29.2%
1984Johnny Dangerously
24.8%
1982Night Shift
24.8%
1997Jackie Brown
24.1%
2010The Other Guys
22.2%
1986Gung Ho
21.9%
1998Out of Sight
16.4%
1990Pacific Heights
16.3%
1993My Life
16.2%
2019Dumbo
15.7%
2014Robocop
15.7%
1989The Dream Team
15.4%
2005White Noise
15.3%
2020The Trial of the Chicago 7
15.2%
1993Much Ado About Nothing
14.7%
Year Movie % Correct
1988Clean and Sober
14.6%
2004First Daughter
14.3%
1994The Paper
14.1%
2017American Assassin
13.1%
2015Minions
12.8%
2005Herbie: Fully Loaded
12.6%
2014Need for Speed
12.1%
1992Porco Rosso
10.8%
1991One Good Cop
10.6%
1998Desperate Measures
9.9%
1994Speechless
9%
2020Worth
8.9%
1987The Squeeze
8.1%
1978Rabbit Test
8%
2013Blindsided
8%
2009Post Grad
7.9%
2005Game 6
7.2%
2009The Merry Gentleman
7%
1986Touch and Go
7%
2003Quicksand
6.5%
2006The Last Time
5.9%
1997Inventing the Abbotts
5.7%
2000A Shot at Glory
5.5%
2012Noah
5.1%
1988She's Having a Baby
4.8%

From the Vault

Courtroom Sketches

by Propellerhead

Some of these people are pretty sketchy.
Remove Ads.
Support Sporcle.
Get the best of Sporcle when you Go Orange. This ad-free experience offers more features, more stats, and more fun while also helping to support Sporcle. Thank you for becoming a member.

Show Comments

Extras

Top Quizzes Today


Score Distribution

Your Account Isn't Verified!

In order to create a playlist on Sporcle, you need to verify the email address you used during registration. Go to your Sporcle Settings to finish the process.

Report this User

Report this user for behavior that violates our Community Guidelines.

Details: